00936 a2200217 4500003000500000005001700005040000900022082001000031100003100041245009700072260004300169300001600212505020000228538003100428650001400459651001100473942000800484999001900492952010400511952010300615Nust20170207153154.0 cNust a005.8 aNaureen, Ayesha ( MSIS-4) aA secure end -to- end public key architecture for wireless sensor networkscAyesha Naureen  bMCS (NUST)cFebruary, 2008aRawalpindi axii, 78, p. aIntroduction (page-1) Architecture definition (page-16) End-to-End Communication scenarios (page-25) Architecture implementation (page-41) Architecture evaluations (page-53) Conclusions (page-71) aAlmirah No. 70 Shelf No. 4 aPG Thesis aMSIS-4 cTHS c180695d180695 00102ddc40708NFICaMCSbMCSd2016-12-12l0o005.8 NAUpMCSTIS-143r2016-12-08w2016-12-12yBK 00102ddc40708NFICaMCSbMCSd2016-12-12l0o005.8 NAUpMCSTIS-24r2016-12-08w2016-12-12yBK